| 000 | 00496nam a2200169Ia 4500 | ||
|---|---|---|---|
| 003 | OSt | ||
| 005 | 20200708114652.0 | ||
| 008 | 190216s9999||||xx |||||||||||||| ||und|| | ||
| 040 | _coclc | ||
| 082 |
_a901 _bCHI/W |
||
| 100 | 1 |
_aChilde, V. Gordon _91910 _d1892-1957 _q(Vere Gordon), |
|
| 245 | 0 |
_aWhat Happened In History / _cV Gordon Childe |
|
| 260 |
_bPenguin Books, _c1982. _aEngland: |
||
| 300 | _a303p | ||
| 650 | _aHistory | ||
| 942 |
_cBK _2ddc _h901 _iCHI/W _k901 _mCHI/W |
||
| 999 |
_c19585 _d19585 |
||